000 00505nam a2200181Ia 4500
999 _c14477
_d14477
003 OSt
005 20201027115555.0
008 190216s9999||||xx |||||||||||||| ||und||
020 _a9780753818923
040 _coclc
082 _a813.54
_bWAL/C
100 1 _aWalker , Alice
_92044
_d1944-
245 4 _aThe Color Purple /
_cAlice Walker
260 _bPhoenix House Ltd ,
_c1992.
_aLondon:
300 _a261p
650 _aEnglish
942 _cBK
_2ddc
_h813.54
_iWAL/C
_k813.54
_mWAL/C